Niebuhr in Egypt : European science in a biblical world /

محفوظ في:

المؤلف الرئيسي: Guichard, Roger H. (مؤلف)

التنسيق: كتاب

اللغة: English

منشور في: Cambridge, England : The Lutterworth Press, 2014.

الموضوعات:

الوسوم: إضافة وسم

لا توجد وسوم, كن أول من يضع وسما على هذه التسجيلة!

رقم الطلب: DT51 .G85 2014

LEADER 00716namaa2200229 4500
003 OSt
005 20260326062010.0
008 130303t20142013enka b 000 0 eng d
020 |a 9780718893354 
040 |c ARCE Library 
043 |a ar----- 
050 4 |a DT51 .G85 2014 
100 1 |a Guichard, Roger H.,  |e author 
245 1 0 |a Niebuhr in Egypt :   |b European science in a biblical world /   |c Roger H. Guichard. 
264 1 |a Cambridge, England :   |b The Lutterworth Press,   |c 2014. 
264 4 |c ©2013. 
300 |a 344 pages :   |b illustrations ;   |c 24 cm. 
504 |a Includes bibliographical references. 
651 0 |a Arabian Peninsula  |x Description and Travel. 
901 |a reviewed 
942 |c BK  |2 lcc 
999 |c 8814  |d 8814